000
00279nam a2200109Ia 4500
001
1276727
005
20260417160453.0
008
260417s9999 xx 000 0 und d
020
_a
9786059604741
245
0
_a
Çizgili Pijamalı Çocuk
_c
John Boyne
260
_b
Tudem Yayınları
999
_c
1276727
_d
1276727